| 000 | 00675cab a2200241 4500 | ||
|---|---|---|---|
| 001 | WB3426-18 | ||
| 008 | 090401t1998 xxu||||| |||| 00| 0 eng d | ||
| 035 | _a(Sirsi) u87256 | ||
| 041 | _aeng | ||
| 245 | _aContract workers | ||
| 260 | _c1998 | ||
| 350 | _a0 | ||
| 490 |
_aIndependent _v6 July 1998, 17(1) |
||
| 520 | _aGovernment proposals on employment rights could have a devastating impact on businesses using contract workers. | ||
| 650 | _aCONTRACT WORKERS | ||
| 650 | _aEMPLOYEES | ||
| 650 | _aEMPLOYMENT LEGISLATION | ||
| 650 | _aEMPLOYMENT RIGHTS | ||
| 650 | _aFAIRNESS AT WORK | ||
| 690 | _aECONOMIC AND SOCIAL | ||
| 942 | _n0 | ||
| 948 | _c07/07/1998 | ||
| 999 |
_c55026 _d55026 |
||